000 00451nam a2200181Ia 4500
005 20250923144313.0
008 008 250917s9999 xx 000 0 eng d
037 _aTextual
040 _aDSWL
_beng
_cDSWL
041 _aeng
_2eng
084 _qDSWL
100 _aShotwell, James
_9823457
245 0 _aOrigins of the ILO
_cby James Shotwell
260 _c1934
300 _a497 p.
942 _cTEXL
999 _c1437224
_d1437224